Normal view
MARC view
- Sayyid, ʻAlī Masʻūd,
Entry Personal Name
001 - CONTROL NUMBER
- control field: 1494
003 - CONTROL NUMBER IDENTIFIER
- control field: NUST
005 - DATE AND TIME OF LATEST TRANSACTION
- control field: 20170529111202.0
008 - FIXED-LENGTH DATA ELEMENTS
- fixed length control field: 170529|| aca||aabn | a|a d
040 ## - CATALOGING SOURCE
- Original cataloging agency: NUST
- Transcribing agency: NUST
100 ## - HEADING--PERSONAL NAME
- Personal name: Sayyid, ʻAlī Masʻūd,
- Relator term: compiler.
670 ## - SOURCE DATA FOUND
- Source citation: Work cat.: (NUST)0: 880-01 Khan, A. Q. (Abdul Qadeer), 1936- author. 1493, Saḥar hone tak /
